[Event "Villa Ballester op 69th"]
[Site "Villa Ballester"]
[Date "2019.01.23"]
[Round "6"]
[White "Bertaccini, Daniel"]
[Black "Borda Rodas, Anapaola S"]
[Result "0-1"]
[WhiteElo "2106"]
[BlackElo "1995"]
[PlyCount "102"]
[EventDate "2019.01.16"]
[EventType "swiss"]
[EventRounds "9"]
[EventCountry "ARG"]
[SourceTitle "CBM 188 Extra"]
[Source "ChessBase"]
[SourceDate "2019.02.26"]
[SourceVersion "1"]
[SourceVersionDate "2019.02.26"]
[SourceQuality "1"]

1. Nf3 Nf6 2. c4 g6 3. g3 Bg7 4. Bg2 0-0 5. 0-0 d5 6. cxd5 Nxd5 7. d4 Nb6 8. Nc3 Nc6 9. e3 Re8 10. a3 Be6 11. Re1 a5 12. Ng5 Bc4 13. b3 Ba6 14. Nge4 e5 15. d5 Ne7 16. d6 Nc6 17. Nd5 cxd6 18. Nxd6 Qxd6 19. Nxb6 Rad8 20. Qxd6 Rxd6 21. Nc4 Rd3 22. Rb1 a4 23. Bf1 Rxb3 24. Rxb3 axb3 25. Bb2 Rd8 26. Rb1 f6 27. Bc3 Bf8 28. Na5 Bxf1 29. Kxf1 Rd3 30. Nxc6 bxc6 31. Bb2 Kf7 32. Ke2 Rd7 33. Rc1 Ra7 34. Rc3 Bxa3 35. Rxb3 Be7 36. e4 c5 37. Kd3 Rd7+ 38. Kc2 c4 39. Rf3 Ke6 40. g4 Bc5 41. h4 Bd4 42. Ra3 Bxf2 43. Ra6+ Rd6 44. Rxd6+ Kxd6 45. h5 gxh5 46. gxh5 Bd4 47. Ba3+ Ke6 48. Kd2 f5 49. exf5+ Kxf5 50. h6 Ke4 51. Ke2 Be3 0-1

[Event "ARG-ch 87th"]
[Site "Villa Martelli"]
[Date "2013.04.07"]
[Round "5"]
[White "Bertaccini, Daniel"]
[Black "Jorge, Hector"]
[Result "1-0"]
[WhiteElo "2176"]
[BlackElo "1224"]
[PlyCount "59"]
[EventDate "2013.04.03"]
[EventType "swiss"]
[EventRounds "11"]
[EventCountry "ARG"]
[SourceTitle "CBM 153 Extra"]
[Source "ChessBase"]
[SourceDate "2013.04.22"]
[SourceVersion "1"]
[SourceVersionDate "2013.04.22"]
[SourceQuality "1"]

1. c4 Nf6 2. Nf3 g6 3. g3 Bg7 4. Bg2 0-0 5. Nc3 c5 6. 0-0 Nc6 7. d4 cxd4 8. Nxd4 Qb6 9. Nc2 Qc5 10. Ne3 e6 11. Rb1 Rb8 12. a3 a6 13. b4 Qe7 14. c5 Ne8 15. Bb2 d5 16. Na4 Bxb2 17. Rxb2 Nc7 18. Rd2 Rd8 19. Qa1 f6 20. Rfd1 Bd7 21. Nb6 Be8 22. Nc2 Bf7 23. e4 dxe4 24. Rd7 Rxd7 25. Rxd7 Qe8 26. Rxc7 Ne5 27. Bxe4 Rd8 28. f4 Ng4 29. h3 Qb5 30. Nd4 1-0

[Event "ARG-ch 87th"]
[Site "Villa Martelli"]
[Date "2013.04.06"]
[Round "4"]
[White "Maldonado, Marcos"]
[Black "Bertaccini, Daniel"]
[Result "0-1"]
[WhiteElo "1991"]
[BlackElo "2176"]
[PlyCount "76"]
[EventDate "2013.04.03"]
[EventType "swiss"]
[EventRounds "11"]
[EventCountry "ARG"]
[SourceTitle "CBM 153 Extra"]
[Source "ChessBase"]
[SourceDate "2013.04.22"]
[SourceVersion "1"]
[SourceVersionDate "2013.04.22"]
[SourceQuality "1"]

1. d4 Nf6 2. c4 g6 3. Nc3 d5 4. Nf3 Bg7 5. Bg5 Ne4 6. cxd5 Nxc3 7. bxc3 Qxd5 8. Qb3 Be6 9. Rb1 Qxb3 10. axb3 Bf5 11. Rc1 Nd7 12. Nd2 h6 13. Bf4 e5 14. dxe5 Nxe5 15. e4 Be6 16. Be2 0-0-0 17. Bxe5 Bxe5 18. Bc4 Rhe8 19. g3 Bxc4 20. Nxc4 Bg7 21. Nd2 Rd3 22. c4 Bc3 23. Rxc3 Rxc3 24. Ke2 Rd8 25. Rb1 Rc2 26. Rd1 a5 27. f4 c6 28. e5 b5 29. cxb5 cxb5 30. g4 a4 31. bxa4 bxa4 32. f5 gxf5 33. gxf5 a3 34. e6 fxe6 35. f6 Rcxd2+ 36. Rxd2 Rxd2+ 37. Kxd2 Kd8 38. Kc3 e5 0-1

[Event "ARG-ch 87th"]
[Site "Villa Martelli"]
[Date "2013.04.04"]
[Round "2"]
[White "Franco, Gaston Nicolas"]
[Black "Bertaccini, Daniel"]
[Result "1-0"]
[WhiteElo "2042"]
[BlackElo "2176"]
[PlyCount "117"]
[EventDate "2013.04.03"]
[EventType "swiss"]
[EventRounds "11"]
[EventCountry "ARG"]
[SourceTitle "CBM 153 Extra"]
[Source "ChessBase"]
[SourceDate "2013.04.22"]
[SourceVersion "1"]
[SourceVersionDate "2013.04.22"]
[SourceQuality "1"]

1. e4 d6 2. d4 Nf6 3. Nc3 g6 4. Bc4 c6 5. a4 d5 6. exd5 cxd5 7. Bb5+ Bd7 8. Bf4 a6 9. Be2 Bg7 10. Be5 Nc6 11. Nf3 Bf5 12. 0-0 0-0 13. Nh4 Be6 14. f4 Nxe5 15. dxe5 Qb6+ 16. Kh1 Ne4 17. Qe1 Qxb2 18. Nxe4 dxe4 19. c4 Qd4 20. Qg3 Bxc4 21. Rad1 Qc5 22. Bxc4 Qxc4 23. f5 Rad8 24. f6 exf6 25. Nf5 Rd3 26. Qh4 Rxd1 27. Rxd1 fxe5 28. Ne7+ Kh8 29. h3 Qxa4 30. Rd8 Qa1+ 31. Kh2 Qf1 32. Nd5 Qf5 33. Qe7 Kg8 34. Nf6+ Qxf6 35. Rxf8+ Bxf8 36. Qxf6 Bg7 37. Qb6 e3 38. Qxe3 b5 39. Qb6 Bf8 40. Qxa6 b4 41. Qf6 e4 42. Kg3 Bh6 43. Qd8+ Bf8 44. Qd5 e3 45. Kf3 Bg7 46. Qd8+ Bf8 47. Kxe3 Kg7 48. Ke4 h6 49. Ke5 h5 50. h4 b3 51. Qb8 Be7 52. Qxb3 Bxh4 53. Kd6 Kf8 54. Kd7 Bf6 55. Qb4+ Kg7 56. Ke8 Be5 57. Qe7 Bg3 58. Qxf7+ Kh6 59. Qf6 1-0

[Event "ARG-ch 87th"]
[Site "Villa Martelli"]
[Date "2013.04.03"]
[Round "1"]
[White "Bertaccini, Daniel"]
[Black "Valerga, Diego"]
[Result "0-1"]
[WhiteElo "2176"]
[BlackElo "2502"]
[PlyCount "40"]
[EventDate "2013.04.03"]
[EventType "swiss"]
[EventRounds "11"]
[EventCountry "ARG"]
[SourceTitle "CBM 153 Extra"]
[Source "ChessBase"]
[SourceDate "2013.04.22"]
[SourceVersion "1"]
[SourceVersionDate "2013.04.22"]
[SourceQuality "1"]

1. Nf3 d5 2. g3 c6 3. Bg2 Bg4 4. h3 Bh5 5. c4 e6 6. b3 Nd7 7. Bb2 Ngf6 8. 0-0 Bd6 9. d4 Ne4 10. Nbd2 f5 11. Ne5 Nxe5 12. dxe5 Bc5 13. Nxe4 dxe4 14. Qc2 e3 15. fxe3 Bxe3+ 16. Kh2 Qg5 17. Rad1 f4 18. g4 Bxg4 19. Qd3 0-0 20. Be4 Qh4 0-1

[Event "Buenos Aires Duchamp op 1st"]
[Site "Buenos Aires"]
[Date "2011.09.20"]
[Round "7"]
[White "Bertaccini, Daniel"]
[Black "Dolezal, Cristian"]
[Result "0-1"]
[WhiteElo "2179"]
[BlackElo "2428"]
[PlyCount "110"]
[EventDate "2011.09.12"]
[EventType "swiss"]
[EventRounds "9"]
[EventCountry "ARG"]
[SourceTitle "CBM 144 Extra"]
[Source "ChessBase"]
[SourceDate "2011.10.28"]
[SourceVersion "1"]
[SourceVersionDate "2011.10.28"]
[SourceQuality "1"]

1. Nf3 d6 2. d4 Bg4 3. e4 Nf6 4. h3 Bh5 5. Nc3 e6 6. d5 exd5 7. exd5 Be7 8. Be2 0-0 9. 0-0 Nbd7 10. Nd4 Bxe2 11. Qxe2 Re8 12. Nf5 Bf8 13. Qf3 h6 14. g4 Kh7 15. g5 Ne5 16. Qg2 hxg5 17. Bxg5 Qc8 18. Ne3 Be7 19. f4 Ng6 20. Rae1 Qd7 21. f5 Ne5 22. Rf4 Rh8 23. Ref1 Kg8 24. Bxf6 Bxf6 25. Ne4 Qe7 26. c3 Rh7 27. Ng4 Kh8 28. Nxe5 Qxe5 29. Nxf6 Qxf6 30. Re4 Rh5 31. Qf3 Rh4 32. Rxh4+ Qxh4 33. Qg4 Qxg4+ 34. hxg4 Re8 35. Kf2 Re5 36. Rd1 Kh7 37. Rh1+ Kg8 38. Rd1 g6 39. fxg6 fxg6 40. Kf3 Kf7 41. c4 Kf6 42. Rh1 Re7 43. a4 Kg5 44. Rg1 a5 45. b4 axb4 46. Rb1 Rf7+ 47. Ke3 b6 48. Rxb4 Rf4 49. Kd3 Kxg4 50. a5 bxa5 51. Rb7 Rf7 52. c5 dxc5 53. Kc4 Rd7 54. Kxc5 Kf5 55. Kd4 c5+ 0-1

[Event "Metropolitano Superior op"]
[Site "Buenos Aires"]
[Date "2002.06.29"]
[Round "3.10"]
[White "Perelman, Hernan"]
[Black "Bertaccini, Daniel"]
[Result "1-0"]
[WhiteElo "2087"]
[BlackElo "2206"]
[PlyCount "81"]
[EventDate "2002.06.24"]
[EventType "swiss"]
[EventRounds "7"]
[EventCountry "ARG"]
[SourceTitle "CBM 089 Extra"]
[Source "ChessBase"]
[SourceDate "2002.09.10"]
[SourceVersion "2"]
[SourceVersionDate "2002.09.10"]
[SourceQuality "1"]

1. d4 Nf6 2. c4 g6 3. Nc3 d5 4. Nf3 Bg7 5. cxd5 Nxd5 6. g3 0-0 7. Bg2 Nb6 8. 0-0 Nc6 9. e3 e5 10. d5 Ne7 11. e4 Bg4 12. a4 Qd7 13. Qb3 Rab8 14. Be3 Nbc8 15. Nd2 a6 16. Rfc1 Nd6 17. Nd1 Be2 18. Nc3 Bg4 19. Nc4 f5 20. Bc5 f4 21. f3 Bh3 22. Bxd6 Bxg2 23. Bxe7 Qh3 24. Qc2 Bxf3 25. Qf2 fxg3 26. Qxg3 Qh5 27. Rf1 Rf4 28. h3 Bh6 29. Rf2 Re8 30. Raf1 Rxe7 31. Rxf3 Ref7 32. Rxf4 Bxf4 33. Qg4 Qh6 34. d6 Be3+ 35. Kg2 Rxf1 36. Kxf1 Qf8+ 37. Ke2 Qf2+ 38. Kd3 Bd4 39. dxc7 Qf1+ 40. Kc2 Qf2+ 41. Kb3 1-0

[Event "Buenos Aires CC Argentino-ch Superior"]
[Site "Buenos Aires"]
[Date "2001.12.18"]
[Round "8"]
[White "Bertaccini, Daniel"]
[Black "Ferrara, Alexis"]
[Result "1-0"]
[WhiteElo "2221"]
[BlackElo "2261"]
[PlyCount "91"]
[EventDate "2001.12.03"]
[EventType "swiss"]
[EventRounds "9"]
[EventCountry "ARG"]
[SourceTitle "EXT 2003"]
[Source "ChessBase"]
[SourceDate "2002.11.25"]
[SourceVersion "1"]
[SourceVersionDate "2002.11.25"]
[SourceQuality "1"]

1. Nf3 c5 2. g3 Nc6 3. c4 g6 4. Bg2 Bg7 5. 0-0 e5 6. Nc3 Nge7 7. Rb1 0-0 8. d3 d6 9. a3 a5 10. Bd2 Rb8 11. Ne1 Be6 12. Nc2 f5 13. b4 axb4 14. axb4 b6 15. Nd5 Qd7 16. b5 Nd4 17. Nxe7+ Qxe7 18. Nxd4 cxd4 19. Qa4 Rfd8 20. Bb4 Qf7 21. Bc6 f4 22. Ra1 d5 23. cxd5 Bxd5 24. Qa7 Bf8 25. Qxf7+ Bxf7 26. Bxf8 Rxf8 27. Ra7 Be8 28. Rc1 fxg3 29. Bd5+ Bf7 30. Rcc7 gxh2+ 31. Kxh2 Kg7 32. Rxf7+ Kh6 33. Rxh7+ Kg5 34. Kg3 Rf4 35. Bf3 Rbf8 36. Rae7 R8f5 37. Be4 Rg4+ 38. Kh3 Rxf2 39. Rxe5+ Kf4 40. Rf7+ Kxe5 41. Rxf2 Rg5 42. Rg2 Rh5+ 43. Kg4 Ke6 44. Bc6 Re5 45. Kf4 Kf6 46. Rxg6+ 1-0

[Event "Buenos Aires CC Argentino-ch Superior"]
[Site "Buenos Aires"]
[Date "2001.12.17"]
[Round "7"]
[White "Glinz, Gustavo Adolfo"]
[Black "Bertaccini, Daniel"]
[Result "0-1"]
[WhiteElo "2142"]
[BlackElo "2221"]
[PlyCount "72"]
[EventDate "2001.12.03"]
[EventType "swiss"]
[EventRounds "9"]
[EventCountry "ARG"]
[SourceTitle "EXT 2003"]
[Source "ChessBase"]
[SourceDate "2002.11.25"]
[SourceVersion "1"]
[SourceVersionDate "2002.11.25"]
[SourceQuality "1"]

1. d4 Nf6 2. c4 g6 3. Nc3 d5 4. cxd5 Nxd5 5. g3 Bg7 6. Bg2 Nb6 7. Nf3 0-0 8. 0-0 Nc6 9. e3 e5 10. d5 Ne7 11. e4 Bg4 12. b3 Qd7 13. Ba3 Rfe8 14. Qc2 f5 15. Ng5 fxe4 16. Qxe4 Bf5 17. Qh4 h6 18. Ne6 Nexd5 19. Nxg7 Kxg7 20. Rad1 g5 21. Qb4 Nxb4 22. Rxd7+ Nxd7 23. Bxb4 c6 24. Re1 Nf6 25. Bd6 e4 26. Bc5 Rad8 27. Bxa7 Rd3 28. Rc1 Kg6 29. Bf1 Rd7 30. Bc5 Nd5 31. Na4 e3 32. fxe3 Nxe3 33. Re1 Rd1 34. Rxe3 Rxe3 35. Bxe3 Bh3 36. Kf2 Rxf1+ 0-1

[Event "Buenos Aires CC Argentino-ch Superior"]
[Site "Buenos Aires"]
[Date "2001.12.06"]
[Round "3"]
[White "Bertaccini, Daniel"]
[Black "Lida Garcia, Fernando"]
[Result "1/2-1/2"]
[WhiteElo "2221"]
[BlackElo "2128"]
[PlyCount "32"]
[EventDate "2001.12.03"]
[EventType "swiss"]
[EventRounds "9"]
[EventCountry "ARG"]
[SourceTitle "EXT 2003"]
[Source "ChessBase"]
[SourceDate "2002.11.25"]
[SourceVersion "1"]
[SourceVersionDate "2002.11.25"]
[SourceQuality "1"]

1. Nf3 c5 2. g3 Nc6 3. Bg2 e5 4. d3 d5 5. 0-0 Bd6 6. e4 d4 7. a4 Nge7 8. Na3 Ng6 9. Nc4 Bc7 10. c3 0-0 11. cxd4 cxd4 12. b4 Nxb4 13. Ba3 a5 14. Rb1 Re8 15. Bxb4 axb4 16. Rxb4 Bd7 1/2-1/2

[Event "Torre Blanca Copa de Campeones"]
[Site "Buenos Aires"]
[Date "2001.11.08"]
[Round "2"]
[White "Bertaccini, Daniel"]
[Black "Antonino, Daniel"]
[Result "1-0"]
[WhiteElo "2221"]
[BlackElo "1721"]
[PlyCount "47"]
[EventDate "2001.11.05"]
[EventType "swiss"]
[EventRounds "7"]
[EventCountry "ARG"]
[SourceTitle "EXT 2003"]
[Source "ChessBase"]
[SourceDate "2002.11.25"]
[SourceVersion "1"]
[SourceVersionDate "2002.11.25"]
[SourceQuality "1"]

1. e4 e5 2. Nf3 d5 3. Nxe5 dxe4 4. Bc4 Qg5 5. Bxf7+ Ke7 6. Qh5 Qxg2 7. Bxg8 Qxh1+ 8. Ke2 Rxg8 9. Nc3 Be6 10. d3 exd3+ 11. cxd3 Qg2 12. Bg5+ Kd6 13. Ne4+ Kd5 14. Bf4 Qh3 15. Nc3+ Kd6 16. Qe8 a6 17. Nc4+ Kc5 18. Be3+ Qxe3+ 19. Nxe3 Bd7 20. Qe5+ Kb6 21. Ncd5+ Ka5 22. Nc4+ Kb5 23. a4+ Kc5 24. b4+ 1-0

[Event "Torre Blanca Copa de Campeones"]
[Site "Buenos Aires"]
[Date "2001.11.05"]
[Round "1"]
[White "Groesman, Gustavo"]
[Black "Bertaccini, Daniel"]
[Result "1/2-1/2"]
[WhiteElo "2033"]
[BlackElo "2221"]
[PlyCount "33"]
[EventDate "2001.11.05"]
[EventType "swiss"]
[EventRounds "7"]
[EventCountry "ARG"]
[SourceTitle "EXT 2003"]
[Source "ChessBase"]
[SourceDate "2002.11.25"]
[SourceVersion "1"]
[SourceVersionDate "2002.11.25"]
[SourceQuality "1"]

1. d4 Nf6 2. c4 g6 3. Nc3 d5 4. cxd5 Nxd5 5. Bd2 Nb6 6. Bf4 Bg7 7. Nf3 0-0 8. e3 c6 9. Be2 Bg4 10. 0-0 N8d7 11. Rc1 Bxf3 12. Bxf3 e5 13. dxe5 Nxe5 14. Be2 Qe7 15. Qb3 g5 16. Bg3 Rad8 17. Rfd1 1/2-1/2

[Event "FASGBA Superior"]
[Site "Argentina"]
[Date "1999.??.??"]
[Round "1"]
[White "Bertaccini, Daniel"]
[Black "Peralta, Fernando"]
[Result "0-1"]
[WhiteElo "2230"]
[BlackElo "2430"]
[PlyCount "78"]
[EventDate "1999.??.??"]
[EventType "tourn"]
[EventRounds "9"]
[EventCountry "ARG"]
[EventCategory "1"]
[SourceTitle "EXT 2000"]
[Source "ChessBase"]
[SourceDate "1999.11.16"]
[SourceVersion "1"]
[SourceVersionDate "1999.11.16"]
[SourceQuality "1"]

1. e4 Nf6 2. Nc3 d5 3. e5 d4 4. exf6 dxc3 5. dxc3 Qxd1+ 6. Kxd1 gxf6 7. Be3 e5 8. h3 Nc6 9. g3 Bd7 10. Bd3 f5 11. Ke1 0-0-0 12. h4 Bd6 13. f3 e4 14. fxe4 fxe4 15. Be2 Bxg3+ 16. Bf2 Rhg8 17. Rd1 Ne5 18. Kf1 Bxf2 19. Kxf2 e3+ 20. Kxe3 Bc6 21. Rxd8+ Kxd8 22. Nf3 Nxf3 23. Bxf3 Rg3 24. Rf1 Ke7 25. Kf4 Rxf3+ 26. Rxf3 Bxf3 27. Kxf3 c5 28. b4 b6 29. Ke4 Ke6 30. h5 h6 31. Kf4 f5 32. a3 Kf6 33. c4 Ke6 34. c3 Kf6 35. a4 a5 36. b5 Ke6 37. Ke3 Ke5 38. Kf3 f4 39. Kf2 Kf5 0-1

[Event "FASGBA Superior"]
[Site "Argentina"]
[Date "1999.??.??"]
[Round "2"]
[White "Churin, Leonardo"]
[Black "Bertaccini, Daniel"]
[Result "0-1"]
[WhiteElo "2280"]
[BlackElo "2230"]
[PlyCount "91"]
[EventDate "1999.??.??"]
[EventType "tourn"]
[EventRounds "9"]
[EventCountry "ARG"]
[EventCategory "1"]
[SourceTitle "EXT 2000"]
[Source "ChessBase"]
[SourceDate "1999.11.16"]
[SourceVersion "1"]
[SourceVersionDate "1999.11.16"]
[SourceQuality "1"]

1. d4 g6 2. c4 Bg7 3. Nc3 Nf6 4. e4 0-0 5. Nf3 d6 6. h3 c6 7. Be3 Nbd7 8. Bd3 e5 9. d5 cxd5 10. cxd5 Nh5 11. Ne2 Nc5 12. g4 Nxd3+ 13. Qxd3 Nf4 14. Nxf4 exf4 15. Bd4 Re8 16. 0-0 Bd7 17. Rfe1 f6 18. a4 g5 19. Qa3 Bc8 20. Nd2 Kf7 21. Nc4 Bf8 22. a5 Be7 23. f3 h5 24. Kg2 Rh8 25. Rh1 Qf8 26. Bc3 Bd7 27. Qb3 Rc8 28. Qxb7 Qd8 29. Qb4 Qc7 30. Nd2 Rb8 31. Qc4 Qb7 32. Qd4 Qb5 33. Qc4 Qb7 34. Ra3 a6 35. Rb3 Bb5 36. Qd4 hxg4 37. hxg4 Rxh1 38. Kxh1 Rh8+ 39. Kg2 Rh4 40. Nc4 Qd7 41. Nb6 Qe8 42. Be1 Rh6 43. Qc3 Qh8 44. Qc7 Bf1+ 45. Kxf1 Rh3 46. Nc8 0-1